[Event "Star Dojran"]
[Site "Star Dojran"]
[Date "1991.??.??"]
[Round "4"]
[White "Rajkovic, Dusan"]
[Black "Topalov, Veselin"]
[Result "1/2-1/2"]
[WhiteElo "2495"]
[BlackElo "2455"]
[PlyCount "48"]
[EventDate "1991.??.??"]
[EventType "tourn"]
[EventRounds "11"]
[EventCountry "YUG"]
[EventCategory "7"]
[SourceTitle "TD"]
[Source "ChessBase"]
[SourceDate "1994.03.01"]
[SourceVersion "1"]
[SourceVersionDate "1994.03.01"]
[SourceQuality "1"]

1. d4 e6 2. c4 Bb4+ 3. Bd2 a5 4. Nc3 f5 5. e4 Bxc3 6. Bxc3 fxe4 7. Qg4 Nf6 8.
Qxg7 Rg8 9. Qh6 d5 10. f3 Nc6 11. O-O-O Rg6 12. Qe3 Nb4 13. Kb1 Qd7 14. b3 dxc4
15. fxe4 cxb3 16. axb3 Rg4 17. Qf3 Nxe4 18. Bxb4 axb4 19. Qxg4 Nc3+ 20. Kc2
Ra2+ 21. Kd3 Qb5+ 22. Ke3 Nxd1+ 23. Qxd1 Qg5+ 24. Kd3 Qb5+ 1/2-1/2

[Event "Star Dojran"]
[Site "Star Dojran"]
[Date "1991.??.??"]
[Round "5"]
[White "Topalov, Veselin"]
[Black "Piskov, Yury"]
[Result "1-0"]
[WhiteElo "2455"]
[BlackElo "2440"]
[PlyCount "53"]
[EventDate "1991.??.??"]
[EventType "tourn"]
[EventRounds "11"]
[EventCountry "YUG"]
[EventCategory "7"]
[SourceTitle "TD"]
[Source "ChessBase"]
[SourceDate "1994.03.01"]
[SourceVersion "1"]
[SourceVersionDate "1994.03.01"]
[SourceQuality "1"]

1. d4 f5 2. g3 Nf6 3. Bg2 d6 4. Nf3 g6 5. O-O Bg7 6. b3 O-O 7. Bb2 Qe8 8. Nbd2
h6 9. c4 g5 10. Qc2 Na6 11. d5 Qh5 12. e3 Bd7 13. Rae1 c6 14. e4 Nb4 15. Qb1
fxe4 16. Nxe4 Bf5 17. Bxf6 Bxf6 18. a3 cxd5 19. Nxf6+ Rxf6 20. Qd1 Nd3 21. Rxe7
dxc4 22. bxc4 Raf8 23. h3 g4 24. Nh2 Qg6 25. Bd5+ Kh8 26. hxg4 Be6 27. Rxe6 1-0

[Event "Star Dojran"]
[Site "Star Dojran"]
[Date "1991.??.??"]
[Round "6"]
[White "Bogdanovski, Vlatko"]
[Black "Topalov, Veselin"]
[Result "1-0"]
[WhiteElo "2440"]
[BlackElo "2455"]
[PlyCount "139"]
[EventDate "1991.??.??"]
[EventType "tourn"]
[EventRounds "11"]
[EventCountry "YUG"]
[EventCategory "7"]
[SourceTitle "TD"]
[Source "ChessBase"]
[SourceDate "1994.03.01"]
[SourceVersion "1"]
[SourceVersionDate "1994.03.01"]
[SourceQuality "1"]

1. d4 Nf6 2. Nf3 d6 3. c4 Bg4 4. Qb3 Qc8 5. g3 Nc6 6. Nbd2 e5 7. d5 Nd8 8. Bg2
Be7 9. e4 O-O 10. O-O a5 11. Qe3 b6 12. Ne1 Qa6 13. Nd3 c6 14. b3 Bd7 15. Ba3
Ng4 16. Qe2 cxd5 17. cxd5 Re8 18. Rfc1 Nb7 19. Bf1 Nf6 20. Qe3 b5 21. b4 Bd8
22. Bb2 Bb6 23. Qe1 Qa7 24. h3 axb4 25. Nxb4 Bd4 26. Rab1 Nc5 27. Rc2 Qa4 28.
a3 Rac8 29. Kg2 Bxb2 30. Rcxb2 Qxa3 31. Nc6 Nh5 32. Bxb5 Nf4+ 33. gxf4 Qxh3+
34. Kg1 Qg4+ 35. Kf1 exf4 36. f3 Qh3+ 37. Ke2 Qh5 38. Kd1 Nxe4 39. Nxe4 Qxf3+
40. Qe2 Qxe4 41. Qxe4 Rxe4 42. Bd3 Re3 43. Kd2 g5 44. Rh1 Rce8 45. Rb7 Bc8 46.
Rc7 Bh3 47. Ne7+ R8xe7 48. Rxe7 Bg2 49. Rh5 Rxe7 50. Rxg5+ Kf8 51. Rxg2 Re5 52.
Bc4 f5 53. Rf2 Re4 54. Kc3 Kg7 55. Bd3 Re5 56. Kd4 h5 57. Rg2+ Kf6 58. Rg8 f3
59. Rd8 Re1 60. Rf8+ Kg5 61. Bxf5 Rd1+ 62. Bd3 Kg4 63. Ke3 Re1+ 64. Kf2 Re5 65.
Bc4 Re4 66. Ba6 Rf4 67. Bc8+ Kg5 68. Rg8+ Kf6 69. Rg3 Ke5 70. Rg5+ 1-0

[Event "Star Dojran"]
[Site "Star Dojran"]
[Date "1991.??.??"]
[Round "9"]
[White "Bielczyk, Jacek"]
[Black "Topalov, Veselin"]
[Result "1/2-1/2"]
[WhiteElo "2405"]
[BlackElo "2455"]
[PlyCount "94"]
[EventDate "1991.??.??"]
[EventType "tourn"]
[EventRounds "11"]
[EventCountry "YUG"]
[EventCategory "7"]
[SourceTitle "TD"]
[Source "ChessBase"]
[SourceDate "1994.03.01"]
[SourceVersion "1"]
[SourceVersionDate "1994.03.01"]
[SourceQuality "1"]

1. e4 c5 2. Nf3 d6 3. d4 cxd4 4. Nxd4 Nf6 5. Nc3 a6 6. f4 e6 7. Be2 Be7 8. O-O
O-O 9. Kh1 Qc7 10. a4 Nc6 11. Be3 Re8 12. Qe1 e5 13. fxe5 dxe5 14. Qg3 Nxd4 15.
Bxd4 Bd8 16. Be3 Be6 17. Bh6 g6 18. Rad1 Rc8 19. Bg5 Nd7 20. Bxd8 Rcxd8 21. Bg4
Bc4 22. Rf2 Nc5 23. Rfd2 Rxd2 24. Rxd2 b5 25. axb5 axb5 26. Qe3 b4 27. Nd5 Bxd5
28. Rxd5 Ne6 29. Bxe6 Rxe6 30. Qc5 Rc6 31. Qxb4 Rc4 32. Qa3 Rxc2 33. h3 Re2 34.
Qf3 Qc1+ 35. Kh2 Qf4+ 36. Qxf4 exf4 37. Rd3 Rxb2 38. Rf3 g5 39. h4 f6 40. Kh3
h5 41. g4 fxg3 42. hxg5 fxg5 43. Rf5 g4+ 44. Kxg3 Rb3+ 45. Kg2 Rh3 46. e5 Kg7
47. e6 Re3 1/2-1/2

[Event "Star Dojran"]
[Site "Star Dojran"]
[Date "1991.??.??"]
[Round "10"]
[White "Topalov, Veselin"]
[Black "Nedev, Trajce"]
[Result "1-0"]
[WhiteElo "2455"]
[BlackElo "2215"]
[PlyCount "63"]
[EventDate "1991.??.??"]
[EventType "tourn"]
[EventRounds "11"]
[EventCountry "YUG"]
[EventCategory "7"]
[SourceTitle "TD"]
[Source "ChessBase"]
[SourceDate "1994.03.01"]
[SourceVersion "1"]
[SourceVersionDate "1994.03.01"]
[SourceQuality "1"]

1. d4 Nf6 2. Nf3 c5 3. d5 e6 4. c4 exd5 5. cxd5 d6 6. Nc3 g6 7. e4 Bg7 8. h3
O-O 9. Bd3 Re8 10. O-O c4 11. Bc2 b5 12. a3 Na6 13. Re1 Rb8 14. Bf4 Nh5 15. Be3
Nc5 16. e5 Bf8 17. Bxc5 dxc5 18. Qd2 b4 19. Ne4 c3 20. bxc3 b3 21. Bd1 Bf5 22.
Rb1 Bxe4 23. Rxe4 Nf6 24. Re1 Qxd5 25. Bxb3 c4 26. Bxc4 Qxc4 27. Rxb8 Rxb8 28.
exf6 Bxa3 29. Ne5 Qc7 30. Nd7 Bf8 31. Nxf8 Qd8 32. Nd7 1-0

[Event "Star Dojran"]
[Site "Star Dojran"]
[Date "1991.??.??"]
[Round "11"]
[White "Kurajica, Bojan"]
[Black "Topalov, Veselin"]
[Result "1-0"]
[WhiteElo "2520"]
[BlackElo "2455"]
[PlyCount "85"]
[EventDate "1991.??.??"]
[EventType "tourn"]
[EventRounds "11"]
[EventCountry "YUG"]
[EventCategory "7"]
[SourceTitle "TD"]
[Source "ChessBase"]
[SourceDate "1994.03.01"]
[SourceVersion "1"]
[SourceVersionDate "1994.03.01"]
[SourceQuality "1"]

1. d4 f5 2. Nf3 Nf6 3. g3 g6 4. Bg2 Bg7 5. O-O O-O 6. Nbd2 d6 7. c3 Kh8 8. Qc2
Nc6 9. b4 a6 10. Re1 e5 11. dxe5 dxe5 12. e4 f4 13. a4 Nh5 14. Ba3 b5 15. c4
fxg3 16. hxg3 Qf6 17. Bb2 bxa4 18. Qxa4 Rb8 19. b5 axb5 20. cxb5 Bg4 21. Rac1
Nd4 22. Bxd4 exd4 23. e5 Qb6 24. Nxd4 Rbd8 25. N2b3 Be6 26. Nc5 Bd5 27. Bxd5
Rxd5 28. Nde6 Re8 29. g4 Bh6 30. Qc4 Rxc5 31. Nxc5 Bxc1 32. Rxc1 Ng7 33. Nd7
Qe6 34. Nf6 Re7 35. b6 cxb6 36. Qc8+ Ne8 37. Qxe6 Rxe6 38. Rc8 Rxe5 39. Nxe8 h5
40. gxh5 Rg5+ 41. Kf1 gxh5 42. Rc6 b5 43. Rh6+ 1-0

[Event "Vrnjacka Banja"]
[Site "Vrnjacka Banja"]
[Date "1991.??.??"]
[Round "1"]
[White "Topalov, Veselin"]
[Black "Simic, Radoslav"]
[Result "1/2-1/2"]
[WhiteElo "2455"]
[BlackElo "2485"]
[PlyCount "44"]
[EventDate "1991.04.??"]
[EventType "tourn"]
[EventRounds "15"]
[EventCountry "YUG"]
[EventCategory "9"]
[SourceTitle "CBM 023"]
[Source "ChessBase"]
[SourceDate "1991.08.01"]
[SourceVersion "1"]
[SourceVersionDate "1991.08.01"]
[SourceQuality "1"]

1. d4 Nf6 2. c4 g6 3. Nc3 d5 4. Nf3 Bg7 5. cxd5 Nxd5 6. e4 Nxc3 7. bxc3 c5 8.
Rb1 O-O 9. Be2 b6 10. O-O Ba6 11. d5 Bxe2 12. Qxe2 Bxc3 13. Rd1 Bg7 14. e5 Qc8
15. Bg5 f6 16. Bh4 Na6 17. Qc4 Kh8 18. d6 exd6 19. Rxd6 Qf5 20. Re1 Nc7 21. Rc6
Rac8 22. Bg3 fxe5 1/2-1/2

[Event "Vrnjacka Banja"]
[Site "Vrnjacka Banja"]
[Date "1991.??.??"]
[Round "5"]
[White "Topalov, Veselin"]
[Black "Marinkovic, Slavisa"]
[Result "1/2-1/2"]
[WhiteElo "2455"]
[BlackElo "2335"]
[PlyCount "25"]
[EventDate "1991.04.??"]
[EventType "tourn"]
[EventRounds "15"]
[EventCountry "YUG"]
[EventCategory "9"]
[SourceTitle "CBM 023"]
[Source "ChessBase"]
[SourceDate "1991.08.01"]
[SourceVersion "1"]
[SourceVersionDate "1991.08.01"]
[SourceQuality "1"]

1. d4 Nf6 2. c4 g6 3. Nc3 d5 4. Nf3 Bg7 5. e3 O-O 6. Qb3 e6 7. Be2 Nc6 8. cxd5
exd5 9. O-O Ne7 10. Bd2 Nf5 11. Qc2 Nd6 12. b4 Bf5 13. Qb3 1/2-1/2

[Event "Vrnjacka Banja"]
[Site "Vrnjacka Banja"]
[Date "1991.??.??"]
[Round "7"]
[White "Topalov, Veselin"]
[Black "Huzman, Alexander"]
[Result "1/2-1/2"]
[WhiteElo "2455"]
[BlackElo "2475"]
[PlyCount "26"]
[EventDate "1991.04.??"]
[EventType "tourn"]
[EventRounds "15"]
[EventCountry "YUG"]
[EventCategory "9"]
[SourceTitle "CBM 023"]
[Source "ChessBase"]
[SourceDate "1991.08.01"]
[SourceVersion "1"]
[SourceVersionDate "1991.08.01"]
[SourceQuality "1"]

1. e4 e5 2. Nf3 Nc6 3. Bb5 a6 4. Bxc6 dxc6 5. Nc3 f6 6. d4 exd4 7. Nxd4 c5 8.
Nde2 Qxd1+ 9. Nxd1 Be6 10. Bf4 O-O-O 11. Ne3 Ne7 12. Rd1 Rxd1+ 13. Kxd1 g5
1/2-1/2

[Event "Vrnjacka Banja"]
[Site "Vrnjacka Banja"]
[Date "1991.??.??"]
[Round "8"]
[White "Hebden, Mark"]
[Black "Topalov, Veselin"]
[Result "1/2-1/2"]
[WhiteElo "2475"]
[BlackElo "2455"]
[PlyCount "111"]
[EventDate "1991.04.??"]
[EventType "tourn"]
[EventRounds "15"]
[EventCountry "YUG"]
[EventCategory "9"]
[SourceTitle "CBM 023"]
[Source "ChessBase"]
[SourceDate "1991.08.01"]
[SourceVersion "1"]
[SourceVersionDate "1991.08.01"]
[SourceQuality "1"]

1. e4 c5 2. Nc3 e6 3. Nf3 d6 4. g3 Nf6 5. Bg2 Be7 6. O-O O-O 7. e5 dxe5 8. Nxe5
Qc7 9. Nc4 Bd7 10. d3 Bc6 11. Bf4 Qd8 12. Ne4 Nd5 13. Bd2 Qc7 14. Qh5 Nd7 15.
Na5 N7f6 16. Qe2 Bd7 17. c4 Nb4 18. Bxb4 cxb4 19. Nb3 Rad8 20. d4 b5 21. Nxf6+
Bxf6 22. c5 a5 23. c6 Bxc6 24. Rfc1 Rd6 25. Bxc6 Rxc6 26. Qxb5 Rc2 27. Qd3
Rxc1+ 28. Rxc1 Qb6 29. Rc5 a4 30. Na5 Rd8 31. Qb5 Qxb5 32. Rxb5 Rxd4 33. Rb8+
Rd8 34. Rxb4 h5 35. Nc4 Rd1+ 36. Kg2 a3 37. Nxa3 Ra1 38. Nc4 Rxa2 39. f4 Ra1
40. h4 Rc1 41. Kf3 Kh7 42. Nd6 Kg6 43. Rb7 Rf1+ 44. Kg2 Rd1 45. Nxf7 Rd2+ 46.
Kf3 Rxb2 47. Rxb2 Bxb2 48. Nd6 Bd4 49. g4 hxg4+ 50. Kxg4 Ba1 51. Ne4 Bb2 52.
Nd6 Ba1 53. h5+ Kf6 54. Ne4+ Kf7 55. Kf3 Bb2 56. Nd6+ 1/2-1/2

[Event "Vrnjacka Banja"]
[Site "Vrnjacka Banja"]
[Date "1991.??.??"]
[Round "9"]
[White "Topalov, Veselin"]
[Black "Drasko, Milan"]
[Result "1-0"]
[WhiteElo "2455"]
[BlackElo "2500"]
[Annotator "Kortschnoj,V"]
[PlyCount "49"]
[EventDate "1991.04.??"]
[EventType "tourn"]
[EventRounds "15"]
[EventCountry "YUG"]
[EventCategory "9"]
[SourceTitle "CBM 023"]
[Source "ChessBase"]
[SourceDate "1991.08.01"]
[SourceVersion "1"]
[SourceVersionDate "1991.08.01"]
[SourceQuality "1"]

1. e4 e6 2. d4 d5 3. Nd2 Nc6 4. Ngf3 Nf6 5. e5 Nd7 6. Bb5 a5 7. O-O Na7 {
This move is premature.} (7... Be7 {is preferable.}) 8. Bd3 c5 9. c4 $5 (9. c3
{Advocated by the old theory; it isn't as aggressive as Topalov's move.}) 9...
cxd4 10. cxd5 Nc5 11. dxe6 $1 Bxe6 (11... Nxd3 12. exf7+ Ke7 13. Ne4 Nxc1 14.
Qxc1 {or 14.Nd6 with a promising attack. The value of the novelty depends on
this  position.}) 12. Nb3 Bxb3 13. axb3 Be7 14. Bc4 $1 b5 15. Bd3 {Weakening
of the queen's side is worth two tempi. Now white has a big advan-  tage.} Rb8
16. Bf4 Rb7 17. Rc1 Qd5 18. Qe2 O-O 19. Rfd1 Nxb3 (19... Ne6 20. Be3 Bc5 21.
Qc2 {and white gets a material advantage.}) 20. Rc3 $1 {Winning move. Black is
not able to defend himself against numerous threats.} Rd7 21. Bc2 Na1 22. Rxd4
Qe6 23. Bxh7+ Kxh7 24. Qd3+ Kg8 25. Rxd7 1-0

[Event "Vrnjacka Banja"]
[Site "Vrnjacka Banja"]
[Date "1991.??.??"]
[Round "11"]
[White "Topalov, Veselin"]
[Black "Mitkov, Nikola"]
[Result "1/2-1/2"]
[WhiteElo "2455"]
[BlackElo "2370"]
[PlyCount "39"]
[EventDate "1991.04.??"]
[EventType "tourn"]
[EventRounds "15"]
[EventCountry "YUG"]
[EventCategory "9"]
[SourceTitle "CBM 023"]
[Source "ChessBase"]
[SourceDate "1991.08.01"]
[SourceVersion "1"]
[SourceVersionDate "1991.08.01"]
[SourceQuality "1"]

1. e4 e5 2. Nf3 Nc6 3. Bb5 a6 4. Ba4 Nf6 5. O-O b5 6. Bb3 Be7 7. Re1 O-O 8. c3
d5 9. exd5 Nxd5 10. Nxe5 Nxe5 11. Rxe5 c6 12. d4 Bd6 13. Re1 Qh4 14. g3 Qh3 15.
Be3 Bg4 16. Qd3 Rae8 17. Nd2 Re6 18. a4 Qh5 19. axb5 axb5 20. Bxd5 1/2-1/2

[Event "Vrnjacka Banja"]
[Site "Vrnjacka Banja"]
[Date "1991.??.??"]
[Round "15"]
[White "Maksimenko, Andrei"]
[Black "Topalov, Veselin"]
[Result "1/2-1/2"]
[WhiteElo "2370"]
[BlackElo "2455"]
[PlyCount "23"]
[EventDate "1991.04.??"]
[EventType "tourn"]
[EventRounds "15"]
[EventCountry "YUG"]
[EventCategory "9"]
[SourceTitle "CBM 023"]
[Source "ChessBase"]
[SourceDate "1991.08.01"]
[SourceVersion "1"]
[SourceVersionDate "1991.08.01"]
[SourceQuality "1"]

1. d4 Nf6 2. c4 d6 3. Nc3 e5 4. Nf3 Nbd7 5. e4 Be7 6. Be2 O-O 7. O-O c6 8. Be3
a6 9. d5 g6 10. Bh6 Re8 11. Nd2 cxd5 12. cxd5 1/2-1/2

[Event "Politiken Cup 13th"]
[Site "Copenhagen"]
[Date "1991.??.??"]
[Round "?"]
[White "Kristensen, Jorgen Juul"]
[Black "Topalov, Veselin"]
[Result "1/2-1/2"]
[WhiteElo "2290"]
[BlackElo "2455"]
[PlyCount "85"]
[EventDate "1991.06.??"]
[EventType "swiss"]
[EventRounds "9"]
[EventCountry "DEN"]
[SourceTitle "EXT 1997"]
[Source "ChessBase"]
[SourceDate "1996.11.15"]
[SourceVersion "1"]
[SourceVersionDate "1996.11.15"]
[SourceQuality "1"]

1. e4 c5 2. Nf3 d6 3. d4 cxd4 4. Nxd4 Nf6 5. Nc3 a6 6. a4 Nc6 7. Be2 e5 8. Nb3
Be7 9. O-O O-O 10. Be3 Be6 11. Qd2 Rc8 12. a5 Nb4 13. Rfc1 d5 14. exd5 Nfxd5
15. Nxd5 Nxd5 16. Rd1 Qe8 17. Ba7 f5 18. Bf3 Nb4 19. Nc5 Rxc5 20. Qxb4 Rxc2 21.
Qxb7 e4 22. Be2 Bf6 23. Qxa6 f4 24. Bb5 Qf7 25. Rac1 Rxc1 26. Rxc1 Ra8 27. Qd6
Be7 28. Qd4 Bf6 29. Qd6 Bxb2 30. Rc7 Qf5 31. Bd4 Bxd4 32. Qxd4 Qg6 33. Bc4 Re8
34. a6 e3 35. Bxe6+ Rxe6 36. Rc8+ Kf7 37. Qxf4+ Qf6 38. Rc7+ Kg6 39. Qg4+ Kh6
40. Qh3+ Kg6 41. Qg3+ Kh6 42. Qh3+ Kg6 43. Qg3+ 1/2-1/2

[Event "Politiken Cup 13th"]
[Site "Copenhagen"]
[Date "1991.??.??"]
[Round "?"]
[White "Topalov, Veselin"]
[Black "Christensen, Tobias"]
[Result "1/2-1/2"]
[WhiteElo "2455"]
[BlackElo "2300"]
[PlyCount "74"]
[EventDate "1991.06.??"]
[EventType "swiss"]
[EventRounds "9"]
[EventCountry "DEN"]
[SourceTitle "EXT 1997"]
[Source "ChessBase"]
[SourceDate "1996.11.15"]
[SourceVersion "1"]
[SourceVersionDate "1996.11.15"]
[SourceQuality "1"]

1. d4 d5 2. c4 dxc4 3. e3 e5 4. Bxc4 exd4 5. exd4 Nf6 6. Nf3 Be7 7. O-O O-O 8.
Nc3 Nc6 9. h3 Bf5 10. a3 Ne4 11. Nd5 Bd6 12. Re1 Re8 13. b4 Qd7 14. Ne3 Bg6 15.
Bb2 Bf4 16. Qb3 Bh5 17. Ng4 Nd2 18. Nxd2 Bxd2 19. Rxe8+ Rxe8 20. d5 Ne7 21.
Bxg7 Bxg4 22. hxg4 Qxg4 23. Bb2 Nf5 24. Bf1 Bf4 25. Qc3 Be5 26. Qd2 Bxb2 27.
Qxb2 Nd4 28. Qc3 Qg7 29. Rc1 Re1 30. Rxe1 Ne2+ 31. Rxe2 Qxc3 32. Re3 Qd2 33.
Rd3 Qc1 34. g3 Kf8 35. Re3 Qd2 36. Bg2 Qd1+ 37. Kh2 Qh5+ 1/2-1/2

[Event "Politiken Cup 13th"]
[Site "Copenhagen"]
[Date "1991.??.??"]
[Round "?"]
[White "Topalov, Veselin"]
[Black "Fries Nielsen, Jens Ove"]
[Result "1/2-1/2"]
[WhiteElo "2455"]
[BlackElo "2415"]
[PlyCount "112"]
[EventDate "1991.06.??"]
[EventType "swiss"]
[EventRounds "9"]
[EventCountry "DEN"]
[SourceTitle "EXT 1997"]
[Source "ChessBase"]
[SourceDate "1996.11.15"]
[SourceVersion "1"]
[SourceVersionDate "1996.11.15"]
[SourceQuality "1"]

1. e4 e6 2. d4 d5 3. Nd2 c5 4. exd5 exd5 5. Ngf3 Nf6 6. Bb5+ Bd7 7. Bxd7+ Nbxd7
8. O-O Be7 9. dxc5 Nxc5 10. Nb3 Nce4 11. Nfd4 Qd7 12. Qf3 g6 13. Bh6 Ng4 14.
Bf4 O-O 15. h3 Ngf6 16. c3 Rfe8 17. Rfd1 Bd8 18. Nc2 Bb6 19. Nbd4 Re7 20. Ne3
Rae8 21. Ng4 Nxg4 22. hxg4 Qc8 23. g3 a6 24. Kg2 Qc5 25. Be3 Qc7 26. Rh1 f6 27.
Rad1 Rd7 28. Rhe1 Qd8 29. Nc2 Bc7 30. Rd3 Qe7 31. Red1 Red8 32. Nb4 Qe6 33. c4
d4 34. Rxd4 Rxd4 35. Rxd4 Rxd4 36. Bxd4 Bd8 37. Nd5 Kf7 38. b3 Ng5 39. Qf4 Qe4+
40. Qxe4 Nxe4 41. f3 Ng5 42. a4 Ne6 43. Be3 Ke8 44. b4 Kd7 45. f4 Kd6 46. Nc3
Kd7 47. Kf3 f5 48. gxf5 gxf5 49. Ke2 a5 50. b5 Kd6 51. Kd3 h5 52. Bc1 Bb6 53.
Ba3+ Bc5 54. Bxc5+ Nxc5+ 55. Kc2 Ke6 56. Kd2 Kd6 1/2-1/2

[Event "Politiken Cup 13th"]
[Site "Copenhagen"]
[Date "1991.??.??"]
[Round "?"]
[White "Topalov, Veselin"]
[Black "Sokolov, Ivan"]
[Result "0-1"]
[WhiteElo "2455"]
[BlackElo "2570"]
[PlyCount "106"]
[EventDate "1991.06.??"]
[EventType "swiss"]
[EventRounds "9"]
[EventCountry "DEN"]
[SourceTitle "EXT 1997"]
[Source "ChessBase"]
[SourceDate "1996.11.15"]
[SourceVersion "1"]
[SourceVersionDate "1996.11.15"]
[SourceQuality "1"]

1. d4 Nf6 2. c4 e6 3. Nf3 b6 4. g3 Ba6 5. b3 Bb4+ 6. Bd2 Be7 7. Bg2 Bb7 8. Nc3
O-O 9. O-O Na6 10. Bg5 d5 11. Ne5 h6 12. Bxf6 Bxf6 13. e3 c6 14. Qh5 Nc7 15.
Rac1 Ne8 16. Bh3 Qe7 17. Ne2 Nd6 18. Bg2 Rac8 19. Rfd1 Rfd8 20. Nf4 dxc4 21.
bxc4 c5 22. Bxb7 Nxb7 23. d5 Bxe5 24. Qxe5 Qg5 25. Qb2 e5 26. Ne2 Nd6 27. Kg2
e4 28. a4 Rb8 29. Nf4 Qg4 30. Qe2 Qf5 31. Ra1 g5 32. Nh5 Kh7 33. g4 Qe5 34. Ng3
Rf8 35. Qc2 Kg7 36. a5 b5 37. cxb5 Rxb5 38. Ra3 Rfb8 39. a6 R8b6 40. h3 Kf6 41.
Ra4 Kg7 42. Nxe4 Rb2 43. Qc3 Rxf2+ 44. Kg1 Qxc3 45. Nxc3 Rf3 46. Ne4 Rxe3 47.
Nxd6 Rxd6 48. Rc4 Rxh3 49. Rxc5 Rg3+ 50. Kh1 Rxg4 51. Rc7 Ra4 52. Rf1 Raxa6 53.
Rfxf7+ Kg6 0-1

[Event "Elgoibar 01st"]
[Site "Elgoibar"]
[Date "1991.??.??"]
[Round "3"]
[White "Alvarez Ibarra, Rafael"]
[Black "Topalov, Veselin"]
[Result "0-1"]
[WhiteElo "2355"]
[BlackElo "2455"]
[PlyCount "84"]
[EventDate "1991.12.??"]
[EventType "tourn"]
[EventRounds "9"]
[EventCountry "ESP"]
[EventCategory "7"]
[SourceTitle "EXT 1997"]
[Source "ChessBase"]
[SourceDate "1996.11.15"]
[SourceVersion "1"]
[SourceVersionDate "1996.11.15"]
[SourceQuality "1"]

1. d4 Nf6 2. Nf3 e6 3. g3 b5 4. Bg2 Bb7 5. O-O Be7 6. Bg5 a6 7. Nbd2 O-O 8. c3
d6 9. a4 Nbd7 10. e3 c5 11. Ne1 Qb6 12. Bxb7 Qxb7 13. Bxf6 Nxf6 14. Nef3 d5 15.
axb5 axb5 16. Qc2 c4 17. b3 Bd6 18. bxc4 bxc4 19. Rfb1 Qc6 20. Kg2 h6 21. Ng1
g6 22. Ne2 e5 23. Rxa8 Rxa8 24. Rb2 e4 25. Ra2 Rb8 26. Rb2 Rd8 27. Qb1 h5 28.
Rb7 Qc8 29. Ng1 h4 30. Nh3 Ne8 31. Qb5 hxg3 32. hxg3 Bxg3 33. fxg3 Nd6 34. Qxd5
Qxb7 35. Qxb7 Nxb7 36. Nxe4 f5 37. Neg5 Nd6 38. Nf4 Ra8 39. Kf3 Ra3 40. Nxg6
Rxc3 41. Kf4 Rc1 42. e4 c3 0-1

[Event "Elgoibar 01st"]
[Site "Elgoibar"]
[Date "1991.??.??"]
[Round "5"]
[White "Topalov, Veselin"]
[Black "Izeta Txabarri, Felix"]
[Result "1/2-1/2"]
[WhiteElo "2455"]
[BlackElo "2380"]
[PlyCount "65"]
[EventDate "1991.12.??"]
[EventType "tourn"]
[EventRounds "9"]
[EventCountry "ESP"]
[EventCategory "7"]
[SourceTitle "EXT 1997"]
[Source "ChessBase"]
[SourceDate "1996.11.15"]
[SourceVersion "1"]
[SourceVersionDate "1996.11.15"]
[SourceQuality "1"]

1. c4 Nf6 2. Nf3 c5 3. g3 Nc6 4. Bg2 d5 5. O-O e5 6. Qa4 Bd6 7. Ng5 Be7 8. Nc3
d4 9. Nd5 Bd7 10. Nxe7 Qxe7 11. d3 O-O 12. e3 a6 13. Qd1 Rad8 14. e4 h6 15. Nf3
Ne8 16. Nh4 Nd6 17. Qh5 g5 18. Nf5 Nxf5 19. exf5 Bxf5 20. Qxh6 Rd6 21. Qh5 Bxd3
22. Bxg5 Qe6 23. Rfe1 Qg6 24. Qxg6+ Rxg6 25. Bd2 Re8 26. Bd5 e4 27. Kg2 Kg7 28.
Rad1 f5 29. f3 Bc2 30. Rc1 Bd3 31. Rcd1 Bc2 32. Rc1 Bd3 33. Rcd1 1/2-1/2

[Event "Elgoibar 01st"]
[Site "Elgoibar"]
[Date "1991.??.??"]
[Round "6"]
[White "Hoffman, Alejandro"]
[Black "Topalov, Veselin"]
[Result "0-1"]
[WhiteElo "2415"]
[BlackElo "2455"]
[PlyCount "77"]
[EventDate "1991.12.??"]
[EventType "tourn"]
[EventRounds "9"]
[EventCountry "ESP"]
[EventCategory "7"]
[SourceTitle "EXT 1997"]
[Source "ChessBase"]
[SourceDate "1996.11.15"]
[SourceVersion "1"]
[SourceVersionDate "1996.11.15"]
[SourceQuality "1"]

1. d4 Nf6 2. Nf3 e6 3. e3 b6 4. Bd3 c5 5. c4 cxd4 6. exd4 d6 7. O-O Be7 8. Nc3
O-O 9. Ng5 Bb7 10. d5 e5 11. f4 Nbd7 12. fxe5 dxe5 13. Kh1 h6 14. Nh3 Nc5 15.
Bc2 Bc8 16. b4 Na6 17. a3 Ng4 18. Nb5 Bd6 19. Bf5 h5 20. Bxc8 Rxc8 21. Qd3 Qd7
22. Ng5 f5 23. Bb2 e4 24. Qh3 g6 25. Nxd6 Qxd6 26. Ne6 Rxc4 27. Nxf8 Kxf8 28.
Rac1 b5 29. Qh4 Nc7 30. g3 e3 31. Rxc4 bxc4 32. h3 Qxd5+ 33. Kg1 e2 34. Re1 Qd2
35. Kg2 Qxe1 36. Qd8+ Ne8 37. Bg7+ Kxg7 38. Qe7+ Kh6 39. Qf8+ 0-1

[Event "Elgoibar 01st"]
[Site "Elgoibar"]
[Date "1991.??.??"]
[Round "7"]
[White "Topalov, Veselin"]
[Black "Cruz Lopez Claret, Carlos"]
[Result "1-0"]
[WhiteElo "2455"]
[BlackElo "2275"]
[PlyCount "97"]
[EventDate "1991.12.??"]
[EventType "tourn"]
[EventRounds "9"]
[EventCountry "ESP"]
[EventCategory "7"]
[SourceTitle "EXT 1997"]
[Source "ChessBase"]
[SourceDate "1996.11.15"]
[SourceVersion "1"]
[SourceVersionDate "1996.11.15"]
[SourceQuality "1"]

1. d4 d5 2. c4 c6 3. Nc3 e5 4. e3 e4 5. Qb3 Nf6 6. Bd2 Qb6 7. cxd5 Qxb3 8. axb3
cxd5 9. Nb5 Na6 10. f3 Be7 11. Ne2 O-O 12. Nec3 exf3 13. gxf3 Bf5 14. Na2 Nh5
15. Rc1 Rfc8 16. Rc3 Bc2 17. Nc1 Bh4+ 18. Ke2 Rc6 19. Na3 Bg6 20. Rxc6 bxc6 21.
Kd1 Nc7 22. Nc2 Ne6 23. b4 Nf6 24. Nd3 Nd7 25. Be2 Bd8 26. Nc5 Nf6 27. Nb7 Bc7
28. Bc3 Re8 29. Na5 Nf4 30. exf4 Bxa5 31. bxa5 Bxc2+ 32. Kd2 Bf5 33. Ba6 Nh5
34. Bb7 Bd7 35. f5 Nf4 36. Re1 Rxe1 37. Kxe1 Bxf5 38. Bxc6 Bd3 39. Bd2 Ne6 40.
Bxd5 Nxd4 41. Be3 Nc2+ 42. Kd2 Nxe3 43. Kxe3 Bf1 44. Kd4 Kf8 45. Kc5 Ke7 46.
Kc6 f5 47. b4 g5 48. b5 Kf6 49. a6 1-0